000 00426nam a22001457a 4500
020 _a9789332572492
082 _a670.427 GRO
100 _aGroover, Mikell P.
_910254
245 _aAutomation, production systems, computer-integrated manufacturing
250 _a4th
260 _aIndia
_bPearson
_c2017
300 _a816 P
650 _aAutomation, Production systems, Computer-Integrated Manufacturing
_969557
942 _cBK
999 _c576789
_d576789